000 00536nam a22001817a 4500
005 20250915131921.0
008 250915b ||||| |||| 00| 0 spa d
040 _aAR-FvUNAJ
_dAR-FvUNAJ
_eaacr2
082 1 4 _214
_a324.2
100 1 _921908
_aAlende, Oscar
245 1 0 _aMensaje a la juventud /
_cOscar Alende.
260 _aBuenos Aires :
_bEditado por la Juventud Intransigente,
_c1985.
300 _a230 p.
650 0 _91665
_aPARTIDO POLITICO
650 0 _91501
_aDISCURSO
653 _aPARTIDO INTRANSIGENTE
942 _2ddc
_cLIBRO
999 _c11097
_d11097
980 _62
_aVirginia Figueroa
_82
_gVirginia Figueroa